[Event "12. Open de Sants 2010"]
[Site "Barcelona ESP"]
[Date "2010.08.20"]
[Round "1.1"]
[White "Markowski, Tomasz"]
[Black "Lacasta Palacios, Joaquim"]
[Result "1-0"]
[WhiteElo "2628"]
[BlackElo "2139"]
[PlyCount "111"]
[EventDate "2010.08.20"]
[EventType "swiss"]
[EventRounds "10"]
[EventCountry "ESP"]
[Source "lmi"]
[SourceDate "2010.08.20"]

1. g3 d5 2. Nf3 Nf6 3. Bg2 c6 4. O-O Bf5 5. d3 h6 6. c4 e6 7. Qb3 Qb6 8. Qc2
Nbd7 9. cxd5 cxd5 10. Nc3 Be7 11. e4 dxe4 12. dxe4 Bh7 13. Be3 Qa5 14. Nd4 O-O
15. Nb3 Qa6 16. Rfd1 Rfc8 17. Qe2 Qxe2 18. Nxe2 Ne5 19. Bd4 Nc6 20. Nc3 e5 21.
Be3 Bf8 22. f3 b6 23. Bf1 Nb4 24. Rd2 Rd8 25. Rad1 Rxd2 26. Rxd2 g5 27. a3 Nc6
28. Ba6 Nd8 29. Kf2 Kg7 30. h3 Ne6 31. Bc4 Nc5 32. Nxc5 Bxc5 33. Bxc5 bxc5 34.
Rd6 Rb8 35. b3 Rb7 36. Ke3 Bg6 37. Rc6 Nh5 38. Ne2 f6 39. Rxc5 Bf7 40. Bxf7
Kxf7 41. b4 Ng7 42. f4 Ne6 43. Ra5 exf4+ 44. gxf4 Rc7 45. Ra6 h5 46. f5 Ng7 47.
b5 h4 48. Kf3 Rd7 49. a4 Ne8 50. Ke3 Rc7 51. Nd4 Rc3+ 52. Ke2 Rxh3 53. Rxa7+
Kg8 54. b6 Rh2+ 55. Kd3 Rh3+ 56. Kc4 1-0

[Event "12. Open de Sants 2010"]
[Site "Barcelona ESP"]
[Date "2010.08.20"]
[Round "1.2"]
[White "Marches Rios, Joan Manuel"]
[Black "Kempinski, Robert"]
[Result "0-1"]
[WhiteElo "2138"]
[BlackElo "2612"]
[PlyCount "62"]
[EventDate "2010.08.20"]
[EventType "swiss"]
[EventRounds "10"]
[EventCountry "ESP"]
[Source "lmi"]
[SourceDate "2010.08.20"]

1. d4 Nf6 2. c4 g6 3. Nc3 Bg7 4. e4 O-O 5. f4 c5 6. d5 d6 7. Nf3 Bg4 8. h3 Bxf3
9. Qxf3 e6 10. dxe6 fxe6 11. Bd3 Nc6 12. O-O Nd4 13. Qf2 a6 14. Be3 b5 15. cxb5
axb5 16. e5 dxe5 17. Nxb5 Nd5 18. Nxd4 cxd4 19. Bd2 exf4 20. Qf3 Qb6 21. Rfb1
Kh8 22. a4 Nb4 23. a5 Qd6 24. Be4 Ra6 25. Ra4 Nc6 26. Qe2 Ra7 27. Qb5 Rc7 28.
a6 f3 29. Bxc6 Rxc6 30. a7 Qg3 31. Qg5 f2+ 0-1

[Event "12. Open de Sants 2010"]
[Site "Barcelona ESP"]
[Date "2010.08.20"]
[Round "1.3"]
[White "Rodshtein, Maxim"]
[Black "Galvez Extremera, Francisco"]
[Result "1-0"]
[WhiteElo "2609"]
[BlackElo "2138"]
[PlyCount "89"]
[EventDate "2010.08.20"]
[EventType "swiss"]
[EventRounds "10"]
[EventCountry "ESP"]
[Source "lmi"]
[SourceDate "2010.08.20"]

1. d4 Nf6 2. c4 g6 3. f3 Bg7 4. e4 d6 5. Nc3 O-O 6. Nge2 Nc6 7. Be3 Re8 8. Qd2
a6 9. O-O-O Rb8 10. g4 b5 11. Bh6 Bh8 12. h4 bxc4 13. h5 e5 14. hxg6 hxg6 15.
Be3 Bg7 16. d5 Nb4 17. Ng3 c6 18. Bh6 Bh8 19. Bg5 Bg7 20. a3 Nd3+ 21. Bxd3 cxd3
22. dxc6 Be6 23. Nf5 Bxf5 24. gxf5 Qb6 25. Bxf6 Bxf6 26. Kb1 Qxc6 27. Nd5 Bg5
28. Qh2 Qc2+ 29. Qxc2 dxc2+ 30. Kxc2 Kg7 31. fxg6 Kxg6 32. b4 a5 33. Kb3 f5 34.
Nc7 fxe4 35. fxe4 Rf8 36. Rxd6+ Rf6 37. Rxf6+ Bxf6 38. Rg1+ Kf7 39. Rf1 Kg6 40.
Nd5 Bh4 41. Rf5 axb4 42. axb4 Re8 43. b5 Bd8 44. b6 Bxb6 45. Rf6+ 1-0

[Event "12. Open de Sants 2010"]
[Site "Barcelona ESP"]
[Date "2010.08.20"]
[Round "1.4"]
[White "Martin Capitan, Feliciano"]
[Black "Mamedov, Nidjat"]
[Result "0-1"]
[WhiteElo "2137"]
[BlackElo "2604"]
[PlyCount "70"]
[EventDate "2010.08.20"]
[EventType "swiss"]
[EventRounds "10"]
[EventCountry "ESP"]
[Source "lmi"]
[SourceDate "2010.08.20"]

1. e4 c5 2. c4 Nc6 3. Nc3 g6 4. g3 Bg7 5. Bg2 a6 6. Nge2 e6 7. d3 Nge7 8. O-O
d6 9. Be3 Nd4 10. Qd2 O-O 11. Bh6 Bd7 12. Bxg7 Kxg7 13. Nxd4 cxd4 14. Ne2 e5
15. f4 f6 16. h3 b5 17. g4 bxc4 18. dxc4 Qb6 19. Kh2 Nc6 20. f5 Qb4 21. Qc2
Rab8 22. b3 a5 23. Rf3 a4 24. Raf1 axb3 25. axb3 g5 26. h4 h6 27. Rh3 gxh4 28.
Rff3 Nd8 29. Rxh4 Nf7 30. Ng3 Ng5 31. Rd3 Be8 32. Qc1 Ra8 33. Ne2 Ra2 34. Ng1
Bc6 35. Kh1 Rxg2 0-1

[Event "12. Open de Sants 2010"]
[Site "Barcelona ESP"]
[Date "2010.08.20"]
[Round "1.6"]
[White "Meza MartInez, Alcides Ivan"]
[Black "Bluvshtein, Mark"]
[Result "0-1"]
[WhiteElo "2134"]
[BlackElo "2583"]
[PlyCount "76"]
[EventDate "2010.08.20"]
[EventType "swiss"]
[EventRounds "10"]
[EventCountry "ESP"]
[Source "lmi"]
[SourceDate "2010.08.20"]

1. d4 Nf6 2. Nf3 e6 3. Bf4 c5 4. e3 b6 5. Nbd2 Bb7 6. c3 Be7 7. Be2 Nh5 8. Bg3
O-O 9. O-O Nxg3 10. hxg3 d5 11. Ne5 f6 12. Ng4 Nd7 13. f4 f5 14. Nf2 a6 15. g4
b5 16. gxf5 exf5 17. Bd3 Qb6 18. Nf3 g6 19. g4 Qe6 20. gxf5 gxf5 21. Qd2 c4 22.
Bc2 Qg6+ 23. Kh1 Qh5+ 24. Nh2 Kh8 25. Qd1 Nf6 26. Qf3 Qh4 27. Rg1 Ne4 28. Nxe4
dxe4 29. Qg3 Qh6 30. Rad1 Rg8 31. Qf2 Qh3 32. Rxg8+ Rxg8 33. Rg1 Rg6 34. Bd1
Kg7 35. b3 Bh4 36. Rxg6+ hxg6 37. Qg1 Bd5 38. b4 Bg3 0-1

[Event "12. Open de Sants 2010"]
[Site "Barcelona ESP"]
[Date "2010.08.20"]
[Round "1.7"]
[White "Nijboer, Friso"]
[Black "Font Purroy, Vicenc"]
[Result "1-0"]
[WhiteElo "2582"]
[BlackElo "2133"]
[PlyCount "50"]
[EventDate "2010.08.20"]
[EventType "swiss"]
[EventRounds "10"]
[EventCountry "ESP"]
[Source "lmi"]
[SourceDate "2010.08.20"]

1. e4 d5 2. exd5 Qxd5 3. Nc3 Qa5 4. d4 Nf6 5. Bd2 c6 6. Bc4 Bf5 7. Qe2 e6 8.
Nd5 Qd8 9. Nxf6+ Qxf6 10. O-O-O Be7 11. g4 Bg6 12. Nf3 h6 13. h4 Bd6 14. Kb1
Nd7 15. g5 Qe7 16. h5 Bf5 17. Nh4 hxg5 18. Nxf5 exf5 19. Bxg5 Qxe2 20. Bxe2 Be7
21. Bc1 O-O-O 22. Bc4 Rdf8 23. h6 g6 24. h7 Bd8 25. Bh6 Nf6 1-0

[Event "12. Open de Sants 2010"]
[Site "Barcelona ESP"]
[Date "2010.08.20"]
[Round "1.8"]
[White "Albets Armengol, Roland"]
[Black "Parligras, Mircea"]
[Result "0-1"]
[WhiteElo "2133"]
[BlackElo "2574"]
[PlyCount "60"]
[EventDate "2010.08.20"]
[EventType "swiss"]
[EventRounds "10"]
[EventCountry "ESP"]
[Source "lmi"]
[SourceDate "2010.08.20"]

1. d4 Nf6 2. c4 e6 3. g3 c5 4. Nf3 cxd4 5. Nxd4 Qc7 6. b3 Bb4+ 7. Bd2 Bc5 8. e3
e5 9. Ne2 Qc6 10. Rg1 O-O 11. Bg2 Qc7 12. Nbc3 d6 13. Nd5 Nxd5 14. Bxd5 Bg4 15.
Qc2 Nc6 16. a3 Rae8 17. Nc3 Kh8 18. Kf1 f5 19. Na4 e4 20. b4 Bb6 21. Nxb6 axb6
22. Bc3 Ne7 23. Qd2 b5 24. Qd4 Nxd5 25. cxd5 Rc8 26. Rc1 Qf7 27. Bb2 Rxc1+ 28.
Bxc1 Rc8 29. Qd2 Bf3 30. Bb2 Qc7 0-1

[Event "12. Open de Sants 2010"]
[Site "Barcelona ESP"]
[Date "2010.08.20"]
[Round "1.9"]
[White "Peralta, Fernando"]
[Black "Maia, Jose Eduardo Bastos"]
[Result "1-0"]
[WhiteElo "2570"]
[BlackElo "2132"]
[PlyCount "47"]
[EventDate "2010.08.20"]
[EventType "swiss"]
[EventRounds "10"]
[EventCountry "ESP"]
[Source "lmi"]
[SourceDate "2010.08.20"]

1. Nf3 f5 2. g3 Nf6 3. Bg2 e6 4. O-O d5 5. c4 c6 6. Nc3 Bd6 7. d3 O-O 8. cxd5
exd5 9. e4 dxe4 10. dxe4 Nxe4 11. Nxe4 fxe4 12. Ng5 Qc7 13. Nxh7 Kxh7 14. Qh5+
Kg8 15. Bxe4 Rf6 16. Re1 Be6 17. Qh7+ Kf7 18. Qh5+ Kf8 19. Qh8+ Kf7 20. Bg5 a5
21. Rad1 Ra6 22. Bxf6 Kxf6 23. Qh4+ Kf7 24. Bg6+ 1-0

[Event "12. Open de Sants 2010"]
[Site "Barcelona ESP"]
[Date "2010.08.20"]
[Round "1.10"]
[White "Rojano Cano, Francisco Jose"]
[Black "Fier, Alexandr"]
[Result "1/2-1/2"]
[WhiteElo "2127"]
[BlackElo "2570"]
[PlyCount "98"]
[EventDate "2010.08.20"]
[EventType "swiss"]
[EventRounds "10"]
[EventCountry "ESP"]
[Source "lmi"]
[SourceDate "2010.08.20"]

1. e4 Nf6 2. e5 Nd5 3. d4 d6 4. Nf3 g6 5. Bc4 Nb6 6. Bb3 Bg7 7. O-O O-O 8. Bf4
Nc6 9. c3 Bg4 10. h3 dxe5 11. hxg4 exf4 12. Qc1 Nd5 13. Bxd5 Qxd5 14. Qxf4 e5
15. dxe5 Nxe5 16. Nbd2 Rad8 17. c4 Qd6 18. Ne4 Nxf3+ 19. Qxf3 Qd4 20. c5 Rfe8
21. Rfe1 Qxb2 22. Rab1 Qe5 23. g5 Kh8 24. Nf6 Qxe1+ 25. Rxe1 Rxe1+ 26. Kh2 Re5
27. Qxb7 Rxg5 28. Ne4 Rh5+ 29. Kg3 Be5+ 30. Kf3 f5 31. Nd6 Bxd6 32. cxd6 cxd6
33. Qe7 Ra8 34. Qf6+ Kg8 35. Qxd6 Rf8 36. g3 f4 37. g4 Ra5 38. Qe6+ Kg7 39.
Qd7+ Rf7 40. Qd4+ Kh6 41. a4 g5 42. Qd6+ Kg7 43. Qd4+ Rf6 44. Qc4 Raa6 45. Qb5
Kh6 46. Qe8 Rae6 47. Qh5+ Kg7 48. Qxg5+ Kh8 49. Qd5 h6 1/2-1/2

[Event "12. Open de Sants 2010"]
[Site "Barcelona ESP"]
[Date "2010.08.20"]
[Round "1.11"]
[White "Andersson, Ulf"]
[Black "Quaranta, Cristiano"]
[Result "1-0"]
[WhiteElo "2567"]
[BlackElo "2126"]
[PlyCount "53"]
[EventDate "2010.08.20"]
[EventType "swiss"]
[EventRounds "10"]
[EventCountry "ESP"]
[Source "lmi"]
[SourceDate "2010.08.20"]

1. Nf3 d6 2. d4 g6 3. g3 Bg7 4. Bg2 c5 5. O-O cxd4 6. Nxd4 Nf6 7. c4 O-O 8. Nc3
a6 9. b3 Qc7 10. Bb2 Nc6 11. Rc1 Nxd4 12. Qxd4 Be6 13. Rfd1 Rab8 14. Na4 b6 15.
Nc3 Qd7 16. Nd5 Ne8 17. Qd2 Bxd5 18. cxd5 Nf6 19. Rc6 Rfc8 20. Rdc1 h5 21. b4
Qf5 22. Qd4 Rxc6 23. dxc6 d5 24. c7 Rc8 25. Qxb6 Ne8 26. Qb7 Qd7 27. Qxd5 1-0

[Event "12. Open de Sants 2010"]
[Site "Barcelona ESP"]
[Date "2010.08.20"]
[Round "1.13"]
[White "Aroshidze, Levan"]
[Black "Adamowicz, Katarzyna"]
[Result "1-0"]
[WhiteElo "2548"]
[BlackElo "2123"]
[PlyCount "73"]
[EventDate "2010.08.20"]
[EventType "swiss"]
[EventRounds "10"]
[EventCountry "ESP"]
[Source "lmi"]
[SourceDate "2010.08.20"]

1. e4 e5 2. Nf3 Nc6 3. Bb5 a6 4. Ba4 Nf6 5. O-O b5 6. Bb3 Be7 7. Re1 d6 8. c3
O-O 9. h3 Na5 10. Bc2 c5 11. d4 Qc7 12. d5 c4 13. b4 cxb3 14. axb3 Ne8 15. Bd2
Nb7 16. Na3 Bd7 17. b4 g6 18. Bd3 Ng7 19. c4 bxc4 20. Nxc4 Bb5 21. Rc1 Bxc4 22.
Rxc4 Qd8 23. Rc6 a5 24. Ba6 Rb8 25. Bxb7 Rxb7 26. bxa5 f5 27. a6 Ra7 28. Qa4
fxe4 29. Qxe4 Nf5 30. Rb1 Qa8 31. Qc4 Kg7 32. g4 Nh4 33. Nxh4 Bxh4 34. Be3 Raf7
35. Rc7 Be7 36. a7 h6 37. Qc6 1-0

[Event "12. Open de Sants 2010"]
[Site "Barcelona ESP"]
[Date "2010.08.20"]
[Round "1.15"]
[White "Cruz, Cristhian"]
[Black "Grichkevitch, Gilles"]
[Result "1-0"]
[WhiteElo "2536"]
[BlackElo "2122"]
[PlyCount "49"]
[EventDate "2010.08.20"]
[EventType "swiss"]
[EventRounds "10"]
[EventCountry "ESP"]
[Source "lmi"]
[SourceDate "2010.08.20"]

1. c4 Nf6 2. d4 g6 3. Nc3 Bg7 4. e4 d6 5. Be2 O-O 6. Nf3 e5 7. Be3 Ng4 8. Bg5
f6 9. Bh4 Nc6 10. d5 Ne7 11. h3 Nh6 12. Nd2 c6 13. f3 Kh8 14. Bf2 f5 15. g4 a6
16. Qb3 Bf6 17. O-O-O Bg5 18. Kb1 cxd5 19. exd5 Nhg8 20. c5 dxc5 21. Bxc5 b5
22. h4 Bf4 23. g5 Bb7 24. d6 Nc6 25. Nd5 1-0

[Event "12. Open de Sants 2010"]
[Site "Barcelona ESP"]
[Date "2010.08.20"]
[Round "1.16"]
[White "Saenz Narciso, Miguel Angel"]
[Black "Bhat, Vinay S"]
[Result "0-1"]
[WhiteElo "2121"]
[BlackElo "2536"]
[PlyCount "70"]
[EventDate "2010.08.20"]
[EventType "swiss"]
[EventRounds "10"]
[EventCountry "ESP"]
[Source "lmi"]
[SourceDate "2010.08.20"]

1. e4 e5 2. Nf3 Nc6 3. Nc3 Nf6 4. g3 Bc5 5. Bg2 d6 6. d3 a6 7. O-O O-O 8. h3 h6
9. Nh4 Nd4 10. Ne2 Re8 11. Nxd4 Bxd4 12. Qf3 Bc5 13. Nf5 Kh7 14. g4 Ng8 15. g5
Rf8 16. Qg3 h5 17. Bf3 g6 18. Bxh5 Bxf5 19. exf5 Ne7 20. fxg6+ fxg6 21. Bg4 Kg7
22. Be3 Nc6 23. Bxc5 dxc5 24. h4 Rf4 25. Rae1 Qd6 26. Re4 Raf8 27. Rxf4 exf4
28. Qh2 Ne5 29. f3 c4 30. dxc4 Nxc4 31. Qe2 Ne3 32. Rf2 Rd8 33. Qe1 Qb6 34.
Qc3+ Kh7 35. Kh2 Nxg4+ 0-1

[Event "12. Open de Sants 2010"]
[Site "Barcelona ESP"]
[Date "2010.08.20"]
[Round "1.17"]
[White "Cabrera, Alexis"]
[Black "Hansen, Victor"]
[Result "1-0"]
[WhiteElo "2533"]
[BlackElo "2121"]
[PlyCount "45"]
[EventDate "2010.08.20"]
[EventType "swiss"]
[EventRounds "10"]
[EventCountry "ESP"]
[Source "lmi"]
[SourceDate "2010.08.20"]

1. e4 c6 2. d4 d5 3. e5 c5 4. c4 Nc6 5. Nf3 Bg4 6. cxd5 Bxf3 7. Qxf3 Nxd4 8.
Qd1 e6 9. d6 f6 10. Bd3 g6 11. f4 Bg7 12. O-O fxe5 13. Na3 Qxd6 14. Nc4 Qc7 15.
fxe5 O-O-O 16. Bg5 Rf8 17. Qa4 b5 18. Qa6+ Kb8 19. Rxf8+ Bxf8 20. Rf1 Bh6 21.
Nd6 Bxg5 22. Rf8+ Bd8 23. Rxd8+ 1-0

[Event "12. Open de Sants 2010"]
[Site "Barcelona ESP"]
[Date "2010.08.20"]
[Round "1.18"]
[White "Dominguez Marquez, Cecilio"]
[Black "Cuartas, Jaime Alexander"]
[Result "0-1"]
[WhiteElo "2119"]
[BlackElo "2529"]
[PlyCount "50"]
[EventDate "2010.08.20"]
[EventType "swiss"]
[EventRounds "10"]
[EventCountry "ESP"]
[Source "lmi"]
[SourceDate "2010.08.20"]

1. d4 d5 2. c4 e5 3. dxe5 d4 4. Nf3 Nc6 5. a3 a5 6. Bg5 Be7 7. Bxe7 Ngxe7 8.
Nbd2 O-O 9. g3 Ng6 10. Bg2 Ngxe5 11. O-O Be6 12. Nxe5 Nxe5 13. b3 Rb8 14. h3 f6
15. f4 Nd7 16. b4 c5 17. Rb1 axb4 18. axb4 Re8 19. Qc2 Qc7 20. b5 Nb6 21. Rbc1
Bf7 22. Rf2 Re3 23. Bf3 Rc3 24. Qb1 Nxc4 25. Ne4 Rxc1+ 0-1

[Event "12. Open de Sants 2010"]
[Site "Barcelona ESP"]
[Date "2010.08.20"]
[Round "1.116"]
[White "Simon Padros, Emili"]
[Black "Nicolas Zapata, Irene"]
[Result "1-0"]
[WhiteElo "2233"]
[BlackElo "1962"]
[PlyCount "157"]
[EventDate "2010.08.20"]
[EventType "swiss"]
[EventRounds "10"]
[EventCountry "ESP"]
[Source "lmi"]
[SourceDate "2010.08.20"]

1. e4 c5 2. d3 Nc6 3. g3 g6 4. Bg2 Bg7 5. f4 d6 6. Nf3 Nf6 7. O-O O-O 8. c3 Rb8
9. h3 b5 10. Re1 a5 11. d4 cxd4 12. cxd4 Bb7 13. d5 Nb4 14. Nc3 Ba8 15. Be3 Na6
16. Ba7 b4 17. Na4 Rb7 18. Bf2 Nd7 19. Nd4 Rc7 20. a3 Ndc5 21. Bf1 Rc8 22. Nxc5
Nxc5 23. axb4 axb4 24. h4 Bb7 25. h5 Ra8 26. Qf3 Qd7 27. hxg6 hxg6 28. f5 Rxa1
29. Rxa1 Ra8 30. Rxa8+ Bxa8 31. Bh3 Qa4 32. fxg6 fxg6 33. Ne6 Qa1+ 34. Kg2 Qxb2
35. Nxc5 dxc5 36. Be6+ Kh7 37. Qf7 Bb7 38. Qg8+ Kh6 39. Kf3 Qf6+ 40. Kg2 Qf8
41. Be3+ g5 42. Qxf8 Bxf8 43. Bxc5 b3 44. Bd4 Bg7 45. e5 g4 46. Kf2 Kg6 47. Ke2
Bh6 48. Kd3 Bc1 49. Kc3 b2 50. Kc2 Ba6 51. Bxb2 Be3 52. d6 Bb5 53. d7 Bxd7 54.
Bxd7 Bf2 55. Bxg4 Bxg3 56. Kd3 Kf7 57. Kc4 Bf4 58. Kd5 Bg5 59. Bh5+ Kf8 60. Ke6
Bf4 61. Bc3 Be3 62. Bb4 Bg5 63. Bc5 Bh4 64. Be3 Bg3 65. Bh6+ Kg8 66. Bf7+ Kh7
67. Bg5 Kg7 68. Bh5 Kf8 69. Bxe7+ Kg7 70. Bf6+ Kg8 71. Kd7 Bxe5 72. Bxe5 Kf8
73. Ke6 Kg8 74. Bf7+ Kf8 75. Bh5 Kg8 76. Kf6 Kf8 77. Bd6+ Kg8 78. Kg6 Kh8 79.
Be2 1-0

[Event "12. Open de Sants 2010"]
[Site "Barcelona ESP"]
[Date "2010.08.21"]
[Round "2.1"]
[White "Abdalla, Luiz Guilherme Aure"]
[Black "Markowski, Tomasz"]
[Result "0-1"]
[WhiteElo "2253"]
[BlackElo "2628"]
[PlyCount "56"]
[EventDate "2010.08.20"]
[EventType "swiss"]
[EventRounds "10"]
[EventCountry "ESP"]
[Source "lmi"]
[SourceDate "2010.08.20"]

1. d4 d6 2. Nf3 g6 3. c4 Bg7 4. Nc3 c5 5. g3 Nc6 6. d5 Na5 7. Bg2 a6 8. Qd3 Rb8
9. O-O b5 10. cxb5 axb5 11. e4 b4 12. Nd1 Qb6 13. Re1 Ba6 14. Qb1 Nf6 15. b3
O-O 16. Bb2 c4 17. Bd4 Qc7 18. Bf1 Qb7 19. Bxc4 Nxc4 20. bxc4 Bxc4 21. Ne3 Rfc8
22. Nxc4 Rxc4 23. Qb2 Qa6 24. Rac1 Rxc1 25. Rxc1 Qd3 26. Kg2 Bh6 27. Qb1 Nxe4
28. Re1 f5 0-1

[Event "12. Open de Sants 2010"]
[Site "Barcelona ESP"]
[Date "2010.08.21"]
[Round "2.2"]
[White "Kempinski, Robert"]
[Black "Fernandez Garcia, Jose Miguel"]
[Result "1-0"]
[WhiteElo "2612"]
[BlackElo "2252"]
[PlyCount "127"]
[EventDate "2010.08.20"]
[EventType "swiss"]
[EventRounds "10"]
[EventCountry "ESP"]
[Source "lmi"]
[SourceDate "2010.08.20"]

1. d4 Nf6 2. Nf3 e6 3. g3 d5 4. Bg2 Be7 5. c4 O-O 6. O-O dxc4 7. Qa4 a6 8. Qxc4
b5 9. Qc2 Bb7 10. Bg5 Be4 11. Qd2 Nbd7 12. Nc3 Bb7 13. Rfd1 c5 14. dxc5 Nxc5
15. Qe3 Qb6 16. b4 Na4 17. Nxa4 Qxe3 18. Bxe3 bxa4 19. Bc5 Bxc5 20. bxc5 Rac8
21. Rac1 Ne4 22. Ne5 Rxc5 23. Rxc5 Nxc5 24. Bxb7 Nxb7 25. Rd7 Nc5 26. Rc7 Ne4
27. Rc4 Nd6 28. Rxa4 Ra8 29. Rd4 Nb5 30. Rc4 f6 31. Nd3 Ra7 32. Rc8+ Kf7 33.
Kf1 Rc7 34. Ra8 Ra7 35. Rb8 Nc3 36. Rc8 Nd5 37. e4 Rc7 38. Rxc7+ Nxc7 39. Ke2
Ke7 40. Kd2 Kd6 41. Kc3 Kc6 42. Kb4 Kb6 43. Nc5 a5+ 44. Kc4 Kc6 45. a4 g6 46.
f4 e5 47. fxe5 fxe5 48. Nb3 Kb6 49. Nd2 Kc6 50. Nf3 Kd6 51. Ng5 h5 52. h4 Ke7
53. Kc5 Kd7 54. Kb6 Ne8 55. Kxa5 Kc6 56. Kb4 Nd6 57. a5 Ne8 58. Ne6 Nf6 59. Nc5
Ng4 60. a6 Kb6 61. Kc3 Nf6 62. Kc4 Ka7 63. Kb5 Nh7 64. Kc6 1-0

[Event "12. Open de Sants 2010"]
[Site "Barcelona ESP"]
[Date "2010.08.21"]
[Round "2.3"]
[White "Ayza Leon, David"]
[Black "Rodshtein, Maxim"]
[Result "0-1"]
[WhiteElo "2249"]
[BlackElo "2609"]
[PlyCount "97"]
[EventDate "2010.08.20"]
[EventType "swiss"]
[EventRounds "10"]
[EventCountry "ESP"]
[Source "lmi"]
[SourceDate "2010.08.20"]

1. e4 c5 2. a3 g6 3. d4 cxd4 4. Qxd4 Nf6 5. Bb5 a6 6. e5 axb5 7. exf6 e6 8. Nf3
Nc6 9. Qh4 Ra4 10. Qg5 b4 11. O-O h6 12. Qh4 Rg8 13. b3 g5 14. Qg3 Ra5 15. Bb2
g4 16. Ne5 Nxe5 17. Bxe5 b6 18. axb4 Rxa1 19. Bxa1 Bxb4 20. Qf4 Bf8 21. Nc3 d6
22. Nb5 Rg5 23. c4 Ba6 24. Nd4 Bb7 25. Re1 Qd7 26. Nf5 Qc6 27. Ne3 Kd7 28. Rd1
Qe4 29. Qxe4 Bxe4 30. Bc3 Kc6 31. Kf1 d5 32. cxd5+ exd5 33. Rc1 Kb5 34. Bd2 d4
35. Nc2 Rd5 36. b4 Bd3+ 37. Ke1 Re5+ 38. Kd1 Be2+ 39. Ke1 Bc4+ 40. Kd1 Bb3 41.
Rb1 Kc4 42. Rxb3 Kxb3 43. Nxd4+ Kc4 44. f4 Re8 45. Nc6 Bd6 46. g3 Kd3 47. b5
Re2 48. Bb4 Rb2 49. Ke1 0-1

[Event "12. Open de Sants 2010"]
[Site "Barcelona ESP"]
[Date "2010.08.21"]
[Round "2.4"]
[White "Mamedov, Nidjat"]
[Black "Colls Gelaberto, Emili"]
[Result "1-0"]
[WhiteElo "2604"]
[BlackElo "2247"]
[PlyCount "53"]
[EventDate "2010.08.20"]
[EventType "swiss"]
[EventRounds "10"]
[EventCountry "ESP"]
[Source "lmi"]
[SourceDate "2010.08.20"]

1. e4 c6 2. d4 d5 3. e5 Bf5 4. Nf3 e6 5. Be2 Ne7 6. O-O Nc8 7. Be3 Be7 8. b3
Nb6 9. c4 O-O 10. Nc3 a5 11. c5 N6d7 12. Na4 f6 13. Qd2 fxe5 14. Nxe5 Nxe5 15.
dxe5 Nd7 16. Bd4 Rf7 17. Rac1 Qc7 18. Qe3 Raf8 19. g4 Be4 20. f3 Bg6 21. f4 Be4
22. Nc3 g5 23. f5 Nxe5 24. Nxe4 dxe4 25. Qxe4 Nd7 26. fxe6 Rf4 27. exd7 1-0

[Event "12. Open de Sants 2010"]
[Site "Barcelona ESP"]
[Date "2010.08.21"]
[Round "2.5"]
[White "Bluvshtein, Mark"]
[Black "Briscoe, Chris"]
[Result "1-0"]
[WhiteElo "2583"]
[BlackElo "2247"]
[PlyCount "67"]
[EventDate "2010.08.20"]
[EventType "swiss"]
[EventRounds "10"]
[EventCountry "ESP"]
[Source "lmi"]
[SourceDate "2010.08.20"]

1. d4 Nf6 2. c4 g6 3. Nc3 d5 4. Qb3 dxc4 5. Qxc4 Bg7 6. e4 O-O 7. Be2 a6 8. Bf4
b5 9. Qxc7 Qxd4 10. Rd1 Qb4 11. Rd2 e5 12. Be3 Nbd7 13. g4 h6 14. h4 Re8 15. g5
hxg5 16. hxg5 Nh7 17. a3 Qb3 18. Nd5 Nhf8 19. Bd1 Qa2 20. Qc1 Qc4 21. Rc2 Qxe4
22. Bf3 Qd3 23. Nc7 e4 24. Be2 Ne5 25. Nxe8 Bg4 26. Nxg7 Bxe2 27. Nxe2 Nf3+ 28.
Kf1 Rd8 29. Kg2 Qd7 30. Ng3 Qg4 31. Rc5 Rd3 32. Ne8 Nh4+ 33. Rxh4 Qxh4 34. Nf6+
1-0

[Event "12. Open de Sants 2010"]
[Site "Barcelona ESP"]
[Date "2010.08.21"]
[Round "2.6"]
[White "Randazzo, Adrian"]
[Black "Nijboer, Friso"]
[Result "0-1"]
[WhiteElo "2243"]
[BlackElo "2582"]
[PlyCount "52"]
[EventDate "2010.08.20"]
[EventType "swiss"]
[EventRounds "10"]
[EventCountry "ESP"]
[Source "lmi"]
[SourceDate "2010.08.20"]

1. e4 c5 2. Nf3 e6 3. d3 Nc6 4. g3 d5 5. Qe2 Nf6 6. Bg2 Be7 7. O-O O-O 8. e5
Nd7 9. c4 a6 10. h4 b5 11. cxd5 exd5 12. e6 Nb6 13. exf7+ Rxf7 14. Bg5 Bg4 15.
Bxe7 Rxe7 16. Qd2 Qd6 17. Nc3 Bxf3 18. Bxf3 Nd4 19. Bg4 Qg6 20. Qd1 b4 21. h5
Qg5 22. Nb1 Rae8 23. Nd2 Ne2+ 24. Bxe2 Rxe2 25. Ne4 Qxh5 26. Nxc5 R8e3 0-1

[Event "12. Open de Sants 2010"]
[Site "Barcelona ESP"]
[Date "2010.08.21"]
[Round "2.7"]
[White "Parligras, Mircea"]
[Black "Papadopoulou, Vera"]
[Result "1-0"]
[WhiteElo "2574"]
[BlackElo "2242"]
[PlyCount "63"]
[EventDate "2010.08.20"]
[EventType "swiss"]
[EventRounds "10"]
[EventCountry "ESP"]
[Source "lmi"]
[SourceDate "2010.08.20"]

1. e4 c5 2. Nf3 d6 3. d4 cxd4 4. Nxd4 Nf6 5. Nc3 a6 6. Bg5 e6 7. f4 Be7 8. Qf3
Nbd7 9. O-O-O Qc7 10. g4 b5 11. Bxf6 Bxf6 12. g5 Be7 13. f5 Bxg5+ 14. Kb1 Ne5
15. Qh5 Bf6 16. Nxe6 Bxe6 17. fxe6 O-O 18. Nd5 Qd8 19. Bh3 fxe6 20. Bxe6+ Kh8
21. c3 g6 22. Qe2 Bh4 23. Rhf1 Re8 24. Bh3 Rc8 25. Bxc8 Qxc8 26. Qe3 a5 27. Qb6
Qc4 28. Qxd6 Qxe4+ 29. Ka1 Qe2 30. Nf4 Qxh2 31. Ne6 Be7 32. Qxe7 1-0

[Event "12. Open de Sants 2010"]
[Site "Barcelona ESP"]
[Date "2010.08.21"]
[Round "2.8"]
[White "Garcia Gil, Javier"]
[Black "Peralta, Fernando"]
[Result "0-1"]
[WhiteElo "2241"]
[BlackElo "2570"]
[PlyCount "48"]
[EventDate "2010.08.20"]
[EventType "swiss"]
[EventRounds "10"]
[EventCountry "ESP"]
[Source "lmi"]
[SourceDate "2010.08.20"]

1. d4 d5 2. c4 e6 3. Nc3 Bb4 4. e3 Nf6 5. cxd5 exd5 6. Bd3 O-O 7. Nge2 Re8 8.
f3 Bf8 9. e4 c5 10. Bg5 dxe4 11. fxe4 h6 12. Bxf6 Qxf6 13. Qa4 Bd7 14. Qb3 cxd4
15. Rf1 Be6 16. Nd5 Qe5 17. Nef4 Nd7 18. Nxe6 fxe6 19. Rf5 Qxh2 20. Nf4 Nc5 21.
Rxc5 Qh4+ 22. Kd1 Bxc5 23. Nxe6 Kh8 24. Qxb7 Qg4+ 0-1

[Event "12. Open de Sants 2010"]
[Site "Barcelona ESP"]
[Date "2010.08.21"]
[Round "2.9"]
[White "Avila Jimenez, Javier"]
[Black "Andersson, Ulf"]
[Result "*"]
[WhiteElo "2240"]
[BlackElo "2567"]
[PlyCount "36"]
[EventDate "2010.08.20"]
[EventType "swiss"]
[EventRounds "10"]
[EventCountry "ESP"]
[Source "lmi"]
[SourceDate "2010.08.20"]

1. d4 e6 2. c4 Nf6 3. Nc3 Bb4 4. Qc2 c5 5. dxc5 O-O 6. a3 Bxc5 7. Nf3 b6 8. Bf4
Bb7 9. Rd1 Nh5 10. Bd6 Bxd6 11. Rxd6 Qe7 12. Rd2 Rd8 13. e3 Nf6 14. Be2 Na6 15.
O-O Nc5 16. b4 Nce4 17. Rd4 Nxc3 18. Qxc3 d5 *